Shiloh National Military Park, Tennessee /

Bibliographic Details
Main Author: Dillahunty, Albert
Format: Government Document Book
Language:English
Series:Historical handbook series (Washington, D.C.) ; no. 10.
Subjects:

MARC

Tag First Indicator Second Indicator Subfields
LEADER 00000cam a2200000 i 4500
001 in00001451221
005 20151020161056.0
008 770103r19551951dcuab 000 0 eng d
035 |a (OCoLC)02657105 
035 |9 AJC1226AM 
040 |a YSM  |c YSM  |d OCL  |d IAS  |d TXA  |d UtOrBLW 
049 |a TXAO 
086 0 |a I 29.58:10 
090 |a E473.54  |b .D5 1955 
100 1 |a Dillahunty, Albert. 
245 1 0 |a Shiloh National Military Park, Tennessee /  |c by Albert Dillahunty. 
264 2 |a Washington :  |b [for sale by] the Supt. of Docs., U.S. Govt. Print. Off,  |c 1955. 
300 |a 47 pages :  |b illustrations, maps ;  |c 24 cm. 
336 |a text  |b txt  |2 rdacontent 
337 |a unmediated  |b n  |2 rdamedia 
338 |a volume  |b nc  |2 rdacarrier 
490 1 |a National Park Service historical handbook series ;  |v no. 10 
536 |a The Cushing Library/Stonestreet Collection copy is part of the Al Stonestreet Parks and Recreation Collection, 1997. 
650 0 |a Shiloh, Battle of, Tenn., 1862. 
651 0 |a Shiloh National Military Park (Tenn. and Miss.) 
830 0 |a Historical handbook series (Washington, D.C.) ;  |v no. 10. 
999 |a MARS 
999 f f |s abff898d-a7a4-3407-90ea-aa8aa6820c22  |i 0f93dae9-b0da-3e50-bcc1-da3a53a111d7  |t 0 
952 f f |p noncirc  |a Texas A&M University  |b College Station  |c Cushing Memorial Library & Archives  |d Cushing: Kelsey Americana (Does not check out)  |t 0  |e E473.54 .D5 1955  |h Library of Congress classification  |i unmediated -- volume 
952 f f |p noncirc  |a Texas A&M University  |b College Station  |c Cushing Memorial Library & Archives  |d Cushing: Stonestreet (Does not check out)  |t 0  |e E473.54 .D5 1955  |h Library of Congress classification  |i unmediated -- volume 
998 f f |a E473.54 .D5 1955  |t 0  |l Cushing: Stonestreet (Does not check out) 
998 f f |a E473.54 .D5 1955  |t 0  |l Cushing: Kelsey Americana (Does not check out)